Soliloquios y conversaciones
Salvato in:
| Autore principale: | |
|---|---|
| Natura: | Libro |
| Lingua: | Undetermined |
| Pubblicazione: |
Madrid, España
Renacimiento
1911
|
| Soggetti: | |
| Tags: |
Aggiungi Tag
Nessun Tag, puoi essere il primo ad aggiungerne!!
|
MARC
| LEADER | 00000nam a2200000Ia 4500 | ||
|---|---|---|---|
| 008 | 170316s9999 xx 000 0 und d | ||
| 090 | |a 100 U-2s | ||
| 100 | |a Unamuno, Miguel de | ||
| 245 | |a Soliloquios y conversaciones | ||
| 260 | |a Madrid, España | ||
| 260 | |b Renacimiento | ||
| 260 | |c 1911 | ||
| 300 | |a 284 páginas | ||
| 650 | |a FILOSOFÍA | ||
| 999 | |c 17818 |d 17818 | ||
| 040 | |a cru BVZT | ||
| 942 | |c 15 D |h 100 U-2s |2 z | ||
